"O"-Level Made Simple module-2: personal computer software (Vol-2) (Record no. 140)

MARC details
000 -LEADER
fixed length control field 00477nam a22001697a 4500
005 - DATE AND TIME OF LATEST TRANSACTION
control field 20180206122405.0
008 - FIXED-LENGTH DATA ELEMENTS--GENERAL INFORMATION
fixed length control field 160428b xxu||||| |||| 00| 0 eng d
020 ## - INTERNATIONAL STANDARD BOOK NUMBER
ISBN 81-7656318-8
041 ## - LANGUAGE CODE
Language code of text/sound track or separate title eng
082 ## - DEWEY DECIMAL CLASSIFICATION NUMBER
Item number 00465
Classification number 005.36
100 ## - MAIN ENTRY--AUTHOR NAME
Personal name Jain, Madhulika and others
245 ## - TITLE STATEMENT
Title "O"-Level Made Simple module-2: personal computer software (Vol-2)
260 ## - PUBLICATION, DISTRIBUTION, ETC. (IMPRINT)
Place of publication New Delhi
Name of publisher BPB Publishing,
Year of publication 2002
300 ## - PHYSICAL DESCRIPTION
Number of Pages 484
650 ## - SUBJECT ADDED ENTRY--TOPICAL TERM
Topical Term Information Technology
942 ## - ADDED ENTRY ELEMENTS (KOHA)
Koha item type Books
Holdings
Lost status Damaged status Home library Shelving location Date acquired Cost, normal purchase price Full call number Accession Number Koha item type Collection code Current library
    JRU Library SHELF-4-C 28/04/2016 180.00 005.36 00465 Books    
    JRU Library SHELF-75-L 28/04/2016 180.00 005.36 00466 Books CS/IT JRU Library
    JRU Library SHELF-75-L 28/04/2016 180.00 005.36 00467 Books CS/IT JRU Library
    JRU Library SHELF-75-L 28/04/2016 180.00 005.36 00468 Books CS/IT JRU Library
    JRU Library WR- 1 K 28/04/2016 180.00 005.36 00469 Books    
    JRU Library SHELF-75-M 28/04/2016 180.00 005.36 00470 Books CS/IT JRU Library
    JRU Library SHELF-75-L 28/04/2016 180.00 005.36 00471 Books CS/IT JRU Library
    JRU Library SHELF-75-M 28/04/2016 180.00 005.36 00472 Books CS/IT JRU Library
    JRU Library SHELF-75-M 28/04/2016 180.00 005.36 00473 Books CS/IT JRU Library
    JRU Library SHELF-4-F 28/04/2016 180.00 005.36 00474 Books CS/IT JRU Library